000 00812 a2200181 4500
999 _c7226
_d7226
020 _a0673992640
050 _aHD 31 MOS 1996
100 _aMosley, Donald C.
_d1932-
_eauthor
245 _aManagement:
_bleadership in action /
_cDonald C. Mosley, Paul H. Pietri, Leon C. Megginson
250 _a5th edition
264 _aNew York :
_bHarperCollins College Publishers
_c1996
300 _axxix. (various pagings) :
_b ill. (some col.) ; 26 cm
500 _aRev. ed. of: Management, concepts and applications / Leon C. Megginson, Donald C. Mosley, Paul H. Pietri, Jr. 4th ed. c1992 Includes bibliographical references and index
650 _aManagement
700 _aPietri, Paul H.
_eauthor
_qPaul H. Pietri
700 _aMegginson, Leon C.
_eauthor
_qLeon C. Megginson
942 _2lcc
_cBK
_e5th edition
_h31
_iMOS
_kHD